000
00327nam a22001457a 4500
008
230706b ||||| |||| 00| 0 eng d
020
_a
9780618950720
041
_a
eng
080
_a
51
082
_a
51WIL
100
_a
24
101
_a
MATE
245
_a
PRECALCULUS A MAKE IT REAL APPROACH
_c
WILSON.C.F
942
_2
udc
_c
BK
999
_c
60104
_d
60104